Memoria de trabajo : Coordinación Nacional de Museos y Exposiciones, 2007-2012 /

Guardado en:
Bibliografiske detaljer
Institution som forfatter: INAH
Format: Bog
Sprog:spansk
Udgivet: México : INAH, 2012, c2012
Tags: Tilføj Tag
Ingen Tags, Vær først til at tagge denne postø!

MARC

LEADER 00000nam^a2200000^a^4500
001 000423888
005 20250526000000.0
009 20260310122637.449
020 |a 978-607-484-356-9 
037 |a Acervo ITESO - Biblioteca 
041 |a ESP 
091 |a FHM. 01454 
110 |a INAH 
245 1 0 |a Memoria de trabajo :  |b Coordinación Nacional de Museos y Exposiciones, 2007-2012 / 
264 4 |a México :  |b INAH,  |c 2012, c2012 
300 |a 445 p. ;  |c 28.0 cm. 
336 |a texto  |b txt  |2 rdacontenido 
337 |a sin mediación  |b n  |2 rdamedio 
338 |a volumen  |b nc  |2 rdasoporte 
649 |a XX 
910 |a Fondo Hugo B. Margáin 
920 |a Impresos - Libros 
930 |a Libros Antiguos y Raros 
905 |a 126 
901 |a 0500304965  |b IT2  |c LRA  |i D111612  |u 20250526 
902 |a https://opac.biblio.iteso.mx/vufind/Record/000423888